01190 a2200301 4500003000400000005001700004008004100021010001700062020001500079020001700094040000600111082001300117100003100130245006100161260004500222300002900267500005600296500002000352600004800372600005000420650004100470650003900511700003300550700003100583856007700614856010600691856009100797OSt20180116192342.0120530t xxu||||| |||| 00| 0 eng d a 2003020043 a1580931308 a981580931304 c000a709.22411 aSmithson, Alison Margaret.14aThe charged void--urbanism /cAlison and Peter Smithson. aNew York, N.Y :bMonacelli Press,c2005. a351 p. :bill. ;c28 cm. aCompanion volume to The charged void--architecture. aIncludes index.10aSmithson, Alison MargaretxThemes, motives.10aSmithson, Peter,d1923-2003xThemes, motives. 0aCity planningxHistoryy20th century 0aArchitecture, Moderny20th century1 aSmithson, Peter,d1923-2003.1 aSmithson, Alison Margaret.413Table of contentsuhttp://www.loc.gov/catdir/toc/ecip048/2003020043.html413Contributor biographical informationuhttp://www.loc.gov/catdir/enhancements/fy0835/2003020043-b.html413Publisher descriptionuhttp://www.loc.gov/catdir/enhancements/fy0835/2003020043-d.html